|
|
|
|
| LEADER |
00992nam a2200277 4500 |
| 001 |
000013131 |
| 003 |
9468 |
| 005 |
20121010141051.0 |
| 008 |
120309s1998 viesd |
| 020 |
|
|
|c 8700
|
| 041 |
0 |
|
|a vie
|
| 082 |
|
|
|a 515
|b PH-H
|
| 100 |
0 |
|
|a Phan Văn Hạp
|
| 245 |
|
0 |
|a Phép tính vi phân và tích phân của hàm nhiều biến, chuỗi số và chuỗi hàm
|b nhóm ngành 2
|c Phạm Văn Nhuần, Đào Huy Bích, Phạm Thị Oanh
|
| 260 |
|
|
|a H.
|b Đại học Quốc gia Hà Nội
|c 1998
|
| 300 |
|
|
|a 116 tr
|c 21 cm
|
| OWN |
|
|
|a LSP
|
| AVA |
|
|
|a UDN50
|b LSP
|d 515 PH-H
|e check_holdings
|t Error 5003 Not defined in file expand_doc_bib_avail.
|h N
|k 1
|
| 999 |
|
|
|a From the UDN01
|
| AVA |
|
|
|a UDN50
|b LSP
|d 515 PH-H
|e available
|t Error 5001 Not defined in file expand_doc_bib_avail.
|f 103
|g 58
|h N
|i 0
|k 1
|
| TYP |
|
|
|a Monograph
|
| TYP |
|
|
|a Printed language
|
| 980 |
|
|
|a Mạng thư viện Đại học Đà Nẵng
|